000 00485nam a2200181Ia 4500
008 240510s9999 xx 000 0 und d
041 _aEng
082 _a519.8
082 _bW13
100 _aWAGNER, Harrey M.
245 0 _aPrinciples of operations research : with applications to managerial decisions
260 _bNew Delhi, Prentice-Hall
260 _c1973
300 _a937 p.
650 _aOperational research : management mathematics
942 _2ddc
942 _cLBK
999 _c23533
_d23533
945 _a1
_bMadushi Gamage
_c1
_dMadushi Gamage